Silsila / (Record no. 46365)

MARC details
000 -LEADER
fixed length control field 01368njm a22003257a 4500
005 - DATE AND TIME OF LATEST TRANSACTION
control field 20100917110415.0
006 - FIXED-LENGTH DATA ELEMENTS--ADDITIONAL MATERIAL CHARACTERISTICS--GENERAL INFORMATION
fixed length control field a|||||r|||||00| 0
007 - PHYSICAL DESCRIPTION FIXED FIELD--GENERAL INFORMATION
fixed length control field sd ammalaaahaa
008 - FIXED-LENGTH DATA ELEMENTS--GENERAL INFORMATION
fixed length control field 100831t xxu||||| |||| 00| 0 eng d
028 ## - PUBLISHER NUMBER
Publisher number S/7EPE 7689
Source His Master's Voice
035 ## - SYSTEM CONTROL NUMBER
System control number GR-03367
040 ## - CATALOGING SOURCE
Original cataloging agency SED
Transcribing agency SED
100 ## - MAIN ENTRY--PERSONAL NAME
Personal name Yash Raj
9 (RLIN) 17690
245 ## - TITLE STATEMENT
Title Silsila /
Statement of responsibility, etc by Yash Raj; sung by Lata Mangeshkar, Amitabh Bachchan, Kishore Kumar & Chorus; music by Shiv-Hari; lyric by Javed Akhtar
Medium [Sound Recording] :
246 ## - VARYING FORM OF TITLE
Title proper/short title सिलसिला / यश राज द्व्रारा
260 ## - PUBLICATION, DISTRIBUTION, ETC. (IMPRINT)
Place of publication, distribution, etc Dum Dum India
Name of publisher, distributor, etc His Master's Voice
Date of publication, distribution, etc 1981
300 ## - PHYSICAL DESCRIPTION
Extent 1 sound disc (Gramophone Recording)
Other physical details analog 45 rpm
Dimensions 7 in. (SP)
Type of unit Gramophone Record
500 ## - GENERAL NOTE
General note Brief Record
500 ## - GENERAL NOTE
General note Record label: His Master's Voice; Red
505 ## - FORMATTED CONTENTS NOTE
Formatted contents note Side-1 Ye kahan aa gaye ham (Lata Mangeshkar & Amitabh Bachchan) -- Side-2 Dekha ek khwab (Lata Mangeshkar, Kishore Kumar & Chorus)
600 ## - SUBJECT ADDED ENTRY--PERSONAL NAME
Source of heading or term Yash Raj
650 ## - SUBJECT ADDED ENTRY--TOPICAL TERM
Topical term or geographic name as entry element Film songs
General subdivision Excerpts
Geographic subdivision India
9 (RLIN) 17691
700 ## - ADDED ENTRY--PERSONAL NAME
Personal name Mangeshkar, Lata
9 (RLIN) 1184
700 ## - ADDED ENTRY--PERSONAL NAME
Personal name Kumar, Kishore
9 (RLIN) 20445
700 ## - ADDED ENTRY--PERSONAL NAME
Personal name Bachchan, Amitabh
9 (RLIN) 20441
700 ## - ADDED ENTRY--PERSONAL NAME
Personal name Shiv-Hari
9 (RLIN) 20442
700 ## - ADDED ENTRY--PERSONAL NAME
Personal name Akhtar, Javed
9 (RLIN) 20443
942 ## - ADDED ENTRY ELEMENTS (KOHA)
Source of classification or shelving scheme Dewey Decimal Classification
Item type Gramaphone Records
Holdings
Withdrawn status Lost status Source of classification or shelving scheme Damaged status Not for loan Collection code Home library Current library Date acquired Source of acquisition Total Checkouts Barcode Date last seen Copy number Price effective from Koha item type
    Dewey Decimal Classification   Not For Loan Non-fiction Central Library Central Library 17/09/2010 SED/VEN   GR-03367 17/09/2010 1 17/09/2010 Gramaphone Records

© Delhi Public Library
Hit Counter
free hit counter